Guess The Movie From One Shot #3 - Statistics

General Stats
  • This quiz has been taken 1,559 times
  • The average score is 8 of 15
Answer Stats
Picture Answer % Correct
Deadpool
89%
Coco
82%
Bohemian Rhapsody
77%
Black Panther
73%
Avengers: Infinity War
69%
Don't Look Up
60%
Jojo Rabbit
51%
Green Book
50%
Marriage Story
41%
No Time To Die
41%
Tenet
39%
Uncut Gems
37%
Nomadland
27%
Sicario
24%
Annihilation
13%
No matching quizzes found
Score Distribution
Percent of People with Each Score
Percentile by Number Answered
Your Score History
You have not taken this quiz